Техника и оборудование для высоких давлений: перевод

Xehetasun bibliografikoak
Erakunde egilea: Государственный научно-исследовательский институт азота (ГИА)
Beste egile batzuk: Бриллиант Е. (переводчик)
Gaia:Из журнала Chemical and Metallurgical Engineering, сентябрь 1930 г., с. 577.
Hizkuntza:errusiera
Argitaratua: Москва, 1936
Saila:Chemical and Metallurgical Engineering
Gaiak:
Formatua: MixedMaterials Liburua
KOHA link:https://koha.lib.tpu.ru/cgi-bin/koha/opac-detail.pl?biblionumber=261760

MARC

LEADER 00000nam0a2200000 4500
001 261760
005 20231101233606.0
035 |a (RuTPU)RU\TPU\book\284741 
090 |a 261760 
100 |a 20140527d1936 k y0rusy50 ca 
101 1 |a rus  |c eng 
102 |a RU 
105 |a a z 000zy 
200 1 |a Техника и оборудование для высоких давлений  |e перевод  |f Государственный научно-исследовательский институт азота (ГИА) ; пер. Е. Бриллиант 
210 |a Москва  |d 1936 
215 |a 9 с.  |c ил. 
225 1 |a Chemical and Metallurgical Engineering 
300 |a Из журнала Chemical and Metallurgical Engineering, сентябрь 1930 г., с. 577. 
606 1 |a Азотная промышленность,предприятия  |x Оборудование  |x Монтаж  |2 stltpush  |3 (RuTPU)RU\TPU\subj\32157  |9 54799 
610 1 |a техника 
610 1 |a оборудование 
610 1 |a высокое давление 
610 1 |a трубопроводы 
610 1 |a трубопроводы высокого давления 
610 1 |a трубы 
610 1 |a соединения 
675 |a 661.5  |v 3 
702 1 |a Бриллиант  |b Е.  |4 730 
712 0 2 |a Государственный научно-исследовательский институт азота (ГИА)  |c Москва  |2 stltpush  |3 (RuTPU)RU\TPU\col\19738 
801 1 |a RU  |b 63413507  |c 20140527 
801 2 |a RU  |b 63413507  |c 20140619  |g RCR 
942 |c BK